عرض عادي
عرض مارك
- البواب، علي حسين
مدخل إسم شخص
001 - رقم الضبط
- حقل الضبط: 1661
003 - معرف رقم الضبط
- حقل الضبط: OSt
005 - تاريخ ووقت أخر عملية
- حقل الضبط: 20110731153859.0
008 - عناصر بيانات ثابتة الطول
- حقل تحكم ثابت الطول: 110731|||a|||||| | ||| d
040 ## - مصدر الفهرسة
- هيئة الفهرسة الأصلية: OSt
- وكالة الكتابة: OSt
100 ## - مدخل -- أسم شخص
- إسم شخص: البواب، علي حسين
- مصطلح الرابط: محقق.\\
670 ## - بيانات المصدر موجوده
- الاستشهاد بالمصدر: Work cat.: (OSt)2119: الأنباري، عبد الرحمن بن محمد بن عبيد الله، 513-577 هـ. 1138, الوجيز في علم التصريف /, 1402 = 1982
